Dynamic state variable models in ecology : methods and applications
Αποθηκεύτηκε σε:
| Κύριος συγγραφέας: | |
|---|---|
| Άλλοι συγγραφείς: | |
| Μορφή: | Βιβλίο |
| Γλώσσα: | English |
| Δημοσίευση: |
New York :
Oxford University Press,
2000
|
| Σειρά: | Oxford series in ecology and evolution
|
| Θέματα: | |
| Ετικέτες: |
Προσθήκη ετικέτας
Δεν υπάρχουν, Καταχωρήστε ετικέτα πρώτοι!
|
MARC
| LEADER | 00000nam a2200000 i 4500 | ||
|---|---|---|---|
| 001 | 1/95386 | ||
| 008 | 081014s2000 eng d | ||
| 020 | |a 978-0-19-512267-1 | ||
| 035 | |l 10100875 | ||
| 040 | |a GR-MY-UA |b gre |e aacr | ||
| 041 | 0 | |a eng | |
| 082 | 0 | |a 577.015118 |2 (22) | |
| 100 | 1 | |a Clark, Colin Whitcomb |d 1931- | |
| 245 | 1 | 0 | |a Dynamic state variable models in ecology : |b methods and applications / |c Colin W. Clark and Marc Mangel |
| 260 | |a New York : |b Oxford University Press, |c 2000 | ||
| 300 | |a ix, 289 σ.; |b διαγρ.; |c 25 εκ. | ||
| 490 | 1 | |a Oxford series in ecology and evolution | |
| 504 | |a Ευρετήριο: σ. 267-285 | ||
| 504 | |a Ευρετήριο: σ. 287-289 | ||
| 650 | 0 | 0 | |a Animal behavior |x Mathematical models. |
| 650 | 0 | 0 | |a Animal ecology |x Mathematical models. |
| 700 | 1 | |a Mangel, Marc. | |
| 830 | 0 | |a Oxford series in ecology and evolution | |
| 852 | |a INST |b LESVOS |e 20081014 |h 577.015118 CLA |p 005100043197 |q 005100043197 |t BK |y 0 | ||
| 901 | |a BIBL1-2008-3 | ||
| 909 | |a Λ |b 144289 | ||
| 922 | |a 1ΕΛΗ |b 200801 |c ΕΠΕΑΕΚ2/ΤΕΘ |d ΠΑΠΑΣΩΤΗΡΙΟΥ | ||
| 970 | |a ΧΑΤΖΗΜΙΧΑΗΛ |b ΜΑΡΙΑ |z 2008/10/14 | ||